| 000 | 00659nam a22001577a 4500 | ||
|---|---|---|---|
| 003 | OSt | ||
| 005 | 20161123104632.0 | ||
| 008 | 161123b xxu||||| |||| 00| 0 eng d | ||
| 040 | _cRUA | ||
| 082 | _aVEM SAN 2015 B534 Or.1 | ||
| 100 |
_911308 _aSANG MENGSOY; សាំង ម៉េងស៊ុយ |
||
| 245 | _aSurvey on haeamorrhagic of cattle in koh thom district, kandal province, សិក្សាលើជំងឺសារទឹកដែលជួបប្រទះលើសត្វគោ នៅស្រុកកោះធំ ខេត្តកណ្ដាល | ||
| 260 |
_aPhnom Penh _bSAN _c2015 |
||
| 300 |
_aix,39p. _bill. _c29cm. |
||
| 942 |
_2ddc _cVEM |
||
| 999 |
_c10873 _d10873 |
||